|
|
|
|
| LEADER |
00000nam0a2200000 4500 |
| 001 |
361077 |
| 005 |
20231102011343.0 |
| 035 |
|
|
|a (RuTPU)RU\TPU\retro\18403
|
| 090 |
|
|
|a 361077
|
| 100 |
|
|
|a 20210525d1980 km y0rusy50 ca
|
| 101 |
0 |
|
|a rus
|
| 102 |
|
|
|a UZ
|
| 105 |
|
|
|a a z 001zy
|
| 200 |
1 |
|
|a Гидродинамика одно- и двухфазных сред и ее практические приложения
|f Д. Ф. Файзуллаев, А. И. Умаров, А. А. Шакиров
|g Академия наук Узбекской ССР, Институт механики и сейсмостойкости сооружений им. М. Т. Уразбаева ; под ред. Х. А. Рахматулина
|
| 210 |
|
|
|a Ташкент
|c Фан
|d 1980
|
| 215 |
|
|
|a 168 с.
|c ил.
|
| 320 |
|
|
|a Библиогр.: с. 161-165
|
| 606 |
1 |
|
|a Двухфазные потоки
|x Теплообмен
|2 stltpush
|3 (RuTPU)RU\TPU\subj\8969
|9 36273
|
| 610 |
1 |
|
|a гидродинамика
|
| 610 |
1 |
|
|a однофазные среды
|
| 610 |
1 |
|
|a движение в трубах
|
| 610 |
1 |
|
|a структурообразование
|
| 610 |
1 |
|
|a добавки
|
| 610 |
1 |
|
|a водорастворимые полимеры
|
| 610 |
1 |
|
|a биомеханика
|
| 610 |
1 |
|
|a гидротранспорт
|
| 610 |
1 |
|
|a капельное орошение
|
| 675 |
|
|
|a 532.529.5
|v 4
|
| 700 |
|
1 |
|a Файзуллаев
|b Д. Ф.
|g Джарулла файзуллаевич
|
| 701 |
|
1 |
|a Умаров
|b А. И.
|g Алим Иноятович
|
| 701 |
|
1 |
|a Шакиров
|b А. А.
|g Анвар Адылович
|
| 702 |
|
1 |
|a Рахматулин
|b Х. А.
|4 340
|
| 712 |
0 |
2 |
|a Академия наук Узбекской ССР
|b Институт механики и сейсмостойкости сооружений им. М. Т. Уразбаева
|c (Ташкент)
|c (1966-1991)
|2 stltpush
|3 (RuTPU)RU\TPU\col\19715
|9 27565
|
| 801 |
|
1 |
|a RU
|b 63413507
|c 20210525
|
| 942 |
|
|
|c BK
|